000 00880nam a2200265Ia 4500
003 OSt
005 20220918170521.0
006 a|||||r|||| 00| 0
007 ta
008 220917b |||||||| |||| 00| 0 eng d
020 _a9780292715349 (pbk)
_c1049.66
024 _a238,629
037 _b8142, 07/11/2008, Elite Publishers Distributors
_cTextual
040 _aARTS
_cARTS
_beng
041 _2eng
_aeng
082 _aO142,6M95x, 111P6
100 _aBakhtin M.M.
_929466
245 0 _aDialogic imagination
_b Four essays
260 _aAustin
_bUniversity of Texas Press USA
_c2006
300 _axxxiii,443p.
_ccm.
650 _aENGLISH LITERATURE
700 _a H olquist Michael Ed.
_929467
942 _hO142,6M95x, 111P6
_cTEXL
_2CC
999 _c134450
_d134450